000 00602nam a22001817a 4500
005 20231025093913.0
008 231025b |||||||| |||| 00| 0 eng d
020 _a9780702186073
041 _aEnglish
082 _a347.1 JON
100 _avan Loggerenberg DE
_lEnglish
245 _aJones & Buckle The Civil Practice of the Magistrates ' Courts in South Africa /
_cDE van Loggerenberg
250 _aTenth Edition
260 _aCape Town :
_bJuta and Company (Pty) Ltd,
_c2012
300 _bxxxi, 117 pages ;
_c26, 5cm.
650 _aLegal practice
_bLaw
942 _cBK
_6ALISON_BN_VRIES
999 _c46
_d46